LEADER 01009nam0-2200349---450 001 990009609030403321 005 20230922155629.0 010 $a978-88-7431-536-9 100 $a20120723d2011----km-y0itay50------ba 101 0 $aita 102 $aIT 105 $a--------001yy 200 1 $aVita ebraica e mondo moderno$eesperienze, memoria, nuovo pensiero$fa cura di Emilia D'Antuono 210 $aNapoli$cGiannini$d2011 215 $a196 p.$d20 cm 225 1 $aCultura filosofica e scienze umane$v15 610 0 $aVita umana$aRispetto 610 0 $aFilosofia ebraica 676 $a181.06$v22 676 $a179.7$v22 702 1$aD'Antuono,$bEmilia 801 0$aIT$bUNINA$gRICA$2UNIMARC 901 $aBK 912 $a990009609030403321 952 $a181.06 DAN 1$b5576$fBFS 952 $a181.06 DAN 1 BIS$b8904$fBFS 952 $a181.06 DAN 1 TER$b49 952 $aDFT D78.1 ANTA 01$fFLFBC 959 $aBFS 959 $aFLFBC 996 $aVita ebraica e mondo moderno$9850168 997 $aUNINA LEADER 01062nlm 2200289 n 450 001 996552170903316 005 20231012115110.0 100 $a19840507d1689---- uy 101 0 $aeng 102 $aUK 135 $adrcnu 200 1 $a<> exact relation of the most remarkable transactions that happened lately in Ireland$eWith an account of a great sea-fight between the English and French fleets. Licensed and entred according to order 210 1 $aLondon:$cprinted for J. Morris, in Fleet-street$dMDCLXXXIX [1689] 215 $aTesto elettronico (PDF) (2 p.) 230 $aBase dati testuale 300 $aTitolo della didascalia 300 $aImpronta dal colophon 300 $aImperfetta: stampa sbiadita 300 $aRiproduzione dell'originale nella British Library 607 $aIrlanda$xStoria$2BNCF 676 $a941.5 801 0$aIT$bcba$cREICAT 912 $a996552170903316 959 $aEB 969 $aER 996 $aExact relation of the most remarkable transactions that happened lately in Ireland$93568167 997 $aUNISA